Top 100 NBA players 2025-2026 - Statistiques

Statistiques générales
  • Ce quiz a été pris 548 fois
  • Le résultat moyen est 63 sur 100
Statistiques - réponses
Rank Team Player % Correct
1 Nuggets Nikola Jokić
99%
8 Lakers LeBron James
96%
7 Warriors Stephen Curry
96%
3 Lakers Luka Dončić
95%
5 Spurs Victor Wembanyama
95%
4 Bucks Giánnis Antetokoúnmpo
94%
6 Timberwolves Anthony Edwards
92%
9 Rockets Kevin Durant
92%
14 Mavericks Anthony Davis
89%
10 Knicks Jalen Brunson
88%
19 Celtics Jaylen Brown
88%
16 Suns Devin Booker
87%
15 Cavaliers Donovan Mitchell
87%
23 Clippers James Harden
87%
2 Thunder Shai Gilegeous-Alexander
87%
12 Pistons Cade Cunningham
86%
11 Thunder Jalen Williams
86%
20 Clippers Kawhi Leonard
85%
18 Warriors Jimmy Butler III
84%
17 Magic Paolo Banchero
84%
27 Knicks Karl-Anthony Towns
83%
21 Heat Bam Adebayo
82%
33 Grizzlies Ja Morant
82%
29 Hawks Trae Young
82%
28 76ers Tyrese Maxey
82%
35 Spurs De'Aaron Fox
81%
13 Cavaliers Evan Mobley
80%
47 76ers Joel Embiid
80%
49 Timberwolves Rudy Gobert
80%
24 Thunder Chet Holmgren
79%
22 Pacers Pascal Siakam
79%
26 Celtics Derrick White
78%
51 Warriors Draymond Green
78%
25 Rockets Alperen Şengün
77%
71 Bulls Coby White
77%
46 Nuggets Jamal Murray
77%
32 Magic Franz Wagner
76%
34 Kings Domantas Sabonis
74%
37 Rockets Amen Thompson
73%
38 Cavaliers Darius Garland
73%
31 Grizzlies Jaren Jackson Jr
73%
63 Hornets LaMelo Ball
72%
43 Jazz Lauri Markkanen
71%
30 Raptors Scottie Barnes
71%
45 Cavaliers Jarrett Allen
70%
54 76ers Paul George
69%
61 Pelicans Zion Williamson
68%
40 Nuggets Aaron Gordon
67%
52 Mavericks Cooper Flagg
67%
68 Heat Tyler Herro
67%
36 Clippers Ivica Zubac
66%
44 Hawks Jalen Johnson
66%
69 Knicks Josh Hart
66%
48 Knicks Mikal Bridges
66%
72 Kings Zach LaVine
66%
42 Timberwolves Julius Randle
65%
67 Nuggets Cameron Johnson
64%
60 Lakers Austin Reaves
63%
80 Kings DeMar DeRozan
62%
39 Magic Desmond Bane
62%
70 Nets Michael Porter Jr
62%
41 Knicks OG Anunoby
62%
99 Spurs Stephon Castle
62%
77 Raptors Brandon Ingram
60%
50 Hawks Kristaps Porziņģis
60%
53 Thunder Alex Caruso
59%
64 Thunder Luguentz Dort
57%
57 Bucks Myles Turner
55%
56 Thunder Isaiah Hartenstein
54%
76 Hornets Brandon Miller
47%
55 Hawks Dyson Daniels
46%
59 Magic Jalen Suggs
46%
62 Nuggets Christian Braun
45%
82 Heat Norman Powell
44%
94 Spurs Devin Vassell
43%
75 Timberwolves Jaden McDaniels
43%
91 Trail Blazers Jrue Holiday
43%
97 Celtics Payton Pritchard
42%
100 Raptors RJ Barrett
41%
58 Pelicans Trey Murphy III
41%
81 Pacers Andrew Nembhard
40%
89 Heat Andrew Wiggins
40%
66 Trail Blazers Deni Avdija
39%
92 Knicks Mitchell Robinson
38%
73 Mavericks Dereck Lively II
36%
90 Timberwolves Naz Reid
34%
74 Rockets Jabari Smith Jr
33%
83 Warriors Jonathan Kuminga
33%
84 Pistons Tobias Harris
32%
86 Clippers Bradley Beal
31%
65 Pacers Aaron Nesmith
29%
96 Hawks Nickeil Alexander-Walker
29%
85 Pistons Jaden Ivey
28%
95 Mavericks PJ Washington
28%
78 Trail Blazers Toumani Camara
26%
88 Grizzlies Zach Edey
26%
98 Jazz Walker Kessler
22%
87 Nuggets Jonas Valančiūnas
20%
79 Hawks Onyeka Okongwu
20%
93 Raptors Jakob Poeltl
14%
Aucun quiz correspondant
Distribution des résultats
% des personnes avec chaque résultat
Percentile par nombre de réponses
Votre historique - résultats
Vous n’avez pas pris ce quiz